Central Library OPAC University of Rajshahi

নওগাঁ জেলার ক্ষুদ্র নৃগোষ্ঠীর সংস্কৃতি ঐতিহ্য ও বিবর্তন / (Record no. 82035)

MARC details
000 -LEADER
fixed length control field 00893nam a2200229 a 4500
001 - CONTROL NUMBER
control field 82035
003 - CONTROL NUMBER IDENTIFIER
rucl marc code BD-RjUL
005 - DATE AND TIME OF LATEST TRANSACTION
control field 20231003124159.0
008 - FIXED-LENGTH DATA ELEMENTS--GENERAL INFORMATION
fixed length control field 231003s2022 bg ||||| |||| 00| 0 ben d
020 ## - INTERNATIONAL STANDARD BOOK NUMBER
International Standard Book Number 9789849659242
035 ## - SYSTEM CONTROL NUMBER
System control number (BD-RjUL)82035
040 ## - CATALOGING SOURCE
Original cataloging agency BD-RjUL
Language of cataloging eng
Transcribing agency BD-RjUL
041 ## - LANGUAGE CODE
Language code of text/sound track or separate title ben
082 ## - DEWEY DECIMAL CLASSIFICATION NUMBER
Edition number 23
Classification number 306.0954924
Author mark and year KUN 2022
100 ## - MAIN ENTRY--PERSONAL NAME
Personal name কুমার, রতন
9 (RLIN) 9335
245 ## - TITLE STATEMENT
Title নওগাঁ জেলার ক্ষুদ্র নৃগোষ্ঠীর সংস্কৃতি ঐতিহ্য ও বিবর্তন /
Statement of responsibility, etc. রতন কুমার
260 ## - PUBLICATION, DISTRIBUTION, ETC. (IMPRINT)
Place of publication, distribution, etc. ঢাকা :
Name of publisher, distributor, etc. নবান্ন প্রকাশনী,
Date of publication, distribution, etc. ২০২২
300 ## - PHYSICAL DESCRIPTION
Pagination ১৬০ পৃ. :
Illustrations চিত্রসমূহ;
Size ২২ সেমি.
650 ## - SUBJECT ADDED ENTRY--TOPICAL TERM
Topical term or geographic name as entry element সংস্কৃতি
General subdivision নওগাঁ
9 (RLIN) 9336
Topical term or geographic name as entry element Culture
General subdivision Naogaon
9 (RLIN) 9337
942 ## - ADDED ENTRY ELEMENTS (KOHA)
Source of classification or shelving scheme Dewey Decimal Classification
Koha item type Books
Holdings
Lost status Source of classification or shelving scheme Damaged status Not for loan Collection code Permanent Location Current Location Shelving location Date acquired Source of acquisition Cost, normal purchase price Total Checkouts Full call number Date last seen Copy number Koha item type Date checked out
  Dewey Decimal Classification   Not For Loan Non-fiction Central Library, University of Rajshahi Central Library, University of Rajshahi Reading Room 07/09/2023 Author 360.00   B 306.0954924 KUN 2022 03/10/2023 C-1 Books  
  Dewey Decimal Classification     Non-fiction Central Library, University of Rajshahi Central Library, University of Rajshahi General Stacks 07/09/2023 Author 360.00 1 B 306.0954924 KUN 2022 19/01/2026 C-2 Books 07/01/2026
  Dewey Decimal Classification     Non-fiction Central Library, University of Rajshahi Central Library, University of Rajshahi General Stacks 07/09/2023 Author 360.00   B 306.0954924 KUN 2022 03/10/2023 C-3 Books  
  Dewey Decimal Classification     Non-fiction Central Library, University of Rajshahi Central Library, University of Rajshahi General Stacks 07/09/2023 Author 360.00   B 306.0954924 KUN 2022 03/10/2023 C-4 Books  
  Dewey Decimal Classification     Non-fiction Central Library, University of Rajshahi Central Library, University of Rajshahi General Stacks 07/09/2023 Author 360.00   B 306.0954924 KUN 2022 03/10/2023 C-5 Books